000 00793nam a22001937a 4500
005 20250203162800.0
010 _aHIN-129407
020 _a9788193604595
_c100.00
035 _aHN-101753
037 _bDBAD
082 _a821
100 _aशर्मा, हितेश कुमार
_977358
245 _aकोरोना से जंग /
_cहितेश कुमार शर्मा
250 _aप्रथम
260 _aबिजनौर (उ. प्र.)
_bहरिगंगा प्रकाशन
_c2020
270 _aगणपति भवन, सिविल लाइन्स
_bबिजनौर (उ. प्र.)
_e246701
300 _a88पृ.
_c21 सेमी (अजिल्द)
942 _2ddc
_cHN
_h821
_mशर्माहि
999 _c208916
_d208916